5HLuxD.jpg

KING HENRY VIII SENIOR AND PRIMARY SCHOOL LIBRARY OPAC

Retirement : (Record no. 5839)

000 -LEADER
fixed length control field 01245cam a2200385 i 4500
001 - CONTROL NUMBER
control field 18920067
003 - CONTROL NUMBER IDENTIFIER
control field OSt
005 - DATE AND TIME OF LATEST TRANSACTION
control field 20251118113040.0
008 - FIXED-LENGTH DATA ELEMENTS--GENERAL INFORMATION
fixed length control field 151229s2015 nyua 001 0 eng d
010 ## - LIBRARY OF CONGRESS CONTROL NUMBER
LC control number 2015487572
020 ## - INTERNATIONAL STANDARD BOOK NUMBER
International Standard Book Number 9781465438119
Qualifying information pbk.
020 ## - INTERNATIONAL STANDARD BOOK NUMBER
International Standard Book Number 1465438114
Qualifying information pbk.
035 ## - SYSTEM CONTROL NUMBER
System control number 18920067
035 ## - SYSTEM CONTROL NUMBER
System control number (OCoLC)919593412
040 ## - CATALOGING SOURCE
Original cataloging agency TOH
Language of cataloging eng
Transcribing agency TOH
Modifying agency YDXCP
-- BDX
-- BTCTA
Description conventions rda
Modifying agency IEP
-- OCLCO
-- ON8
-- OCLCF
-- DLC
042 ## - AUTHENTICATION CODE
Authentication code lccopycat
050 00 - LIBRARY OF CONGRESS CALL NUMBER
Classification number HQ1062
Item number .S537 2015
082 04 - DEWEY DECIMAL CLASSIFICATION NUMBER
Classification number 646.7 SHU
Edition number 23
100 1# - MAIN ENTRY--PERSONAL NAME
Personal name Shultz, Kenneth S.,
Relator term author.
245 10 - TITLE STATEMENT
Title Retirement :
Remainder of title a beginners guide /
Statement of responsibility, etc. Kenneth S. Shultz, PhD, with Megan Kaye and Mike Annesley.
250 ## - EDITION STATEMENT
Edition statement First American edition.
264 #1 - PRODUCTION, PUBLICATION, DISTRIBUTION, MANUFACTURE, AND COPYRIGHT NOTICE
Place of production, publication, distribution, manufacture New York, New York :
Name of producer, publisher, distributor, manufacturer DK,
Date of production, publication, distribution, manufacture, or copyright notice [2015].
300 ## - PHYSICAL DESCRIPTION
Extent 205 pages :
Other physical details color illustrations ;
Dimensions 24 cm.
336 ## - CONTENT TYPE
Content type term text
Content type code txt
Source rdacontent
337 ## - MEDIA TYPE
Media type term unmediated
Media type code n
Source rdamedia
338 ## - CARRIER TYPE
Carrier type term volume
Carrier type code nc
Source rdacarrier
500 ## - GENERAL NOTE
General note Includes index.
650 #0 - SUBJECT ADDED ENTRY--TOPICAL TERM
Topical term or geographic name entry element Retirement.
650 #0 - SUBJECT ADDED ENTRY--TOPICAL TERM
Topical term or geographic name entry element Retirees
General subdivision Psychology.
650 #7 - SUBJECT ADDED ENTRY--TOPICAL TERM
Topical term or geographic name entry element Retirees
General subdivision Psychology.
Source of heading or term fast
Authority record control number or standard number (OCoLC)fst01096274
650 #7 - SUBJECT ADDED ENTRY--TOPICAL TERM
Topical term or geographic name entry element Retirement.
Source of heading or term fast
Authority record control number or standard number (OCoLC)fst01096288
700 1# - ADDED ENTRY--PERSONAL NAME
Personal name Kaye, Megan,
Relator term author.
700 1# - ADDED ENTRY--PERSONAL NAME
Personal name Annesley, Mike,
Relator term author.
942 ## - ADDED ENTRY ELEMENTS (KOHA)
Source of classification or shelving scheme
Koha item type Books - Non Ficton
Holdings
Withdrawn status Lost status Source of classification or shelving scheme Damaged status Not for loan Collection code Permanent Location Current Location Shelving location Date acquired Full call number Barcode Date last seen Price effective from Koha item type
          Non-Fiction KH8 Senior School Library KH8 Senior School Library Non Fiction 2025-11-18 646.7 SHU 3KHSL000102530 2025-11-18 2025-11-18 Books - Non Ficton

Powered By KH8 IT Dept